|
|
|
|
| LEADER |
00000nam a2200000 a 4500 |
| 001 |
vtls001387307 |
| 003 |
SK-MaSNL |
| 005 |
20260301161523.0 |
| 008 |
160322s1999 xo ab rb b 0 slo |
| 015 |
|
|
|a SNBE2000/03-00844
|
| 035 |
|
|
|a SNK000341496
|
| 040 |
|
|
|a SNK
|b slo
|c SNK
|e AACR2
|
| 041 |
0 |
|
|a slo
|
| 044 |
|
|
|a xo
|c SK
|
| 080 |
|
|
|a 78.071.1(083.9)
|2 1981
|
| 080 |
|
|
|a 929 Cikker, Ján
|2 1981
|
| 245 |
1 |
|
|a Ján Cikker 1911-1989
|b metodický materiál
|c zostavila Zuzana Čerteková
|
| 260 |
|
|
|a Topoľčany
|b Tribečská knižnica
|c 1999
|
| 300 |
|
|
|a 1 skladačka ([6] s.)
|b fotogr.
|c 21x10 cm
|
| 500 |
|
|
|a Nepredajné. 30 výt.
|
| 504 |
|
|
|a Obsahuje bibliogr., biogr. údaje
|
| 600 |
1 |
|
|a Cikker, Ján,
|d 1911-1989
|2 SNK
|9 119811
|
| 655 |
|
7 |
|a informačné publikácie
|2 SNK
|9 70181
|
| 700 |
1 |
|
|a Čerteková, Zuzana
|4 com
|9 43280
|
| 710 |
0 |
|
|a Tribečská knižnica v Topoľčanoch
|4 aut
|9 32342
|
| 958 |
|
|
|a RM
|
| 958 |
|
|
|a BX
|
| 999 |
|
|
|c 809794
|d 811724
|
| 952 |
|
|
|t P60, <03>, [BOOK], {603}
|a SNK
|b SNK
|y PREZ
|7 0
|p 17A0236415
|o snkOSC 20636
|i snkKSP 4190/2000
|0 0
|1 0
|4 0
|d 2000-04-25
|l 0
|r 2005-01-02 00:00:00
|w 2026-02-24
|
| 952 |
|
|
|t P60, <04>, [BOOK], {604}
|a SNK
|b SNK
|y VYP
|7 0
|p 17A0236416
|o snkOSC 20636 D1
|i snkKSP 4191/2000
|0 0
|1 0
|4 0
|d 2000-04-25
|l 0
|r 2005-01-02 00:00:00
|w 2026-02-24
|